Normal view MARC view

Entry Topical Term

Number of records used in: 1

001 - CONTROL NUMBER

  • control field: 81341

003 - CONTROL NUMBER IDENTIFIER

  • control field: OSt

005 - DATE AND TIME OF LATEST TRANSACTION

  • control field: 20220918193246.0

008 - FIXED-LENGTH DATA ELEMENTS

  • fixed length control field: 220918|| aca||aabn | a|a d

040 ## - CATALOGING SOURCE

  • Original cataloging agency: OSt
  • Transcribing agency: OSt

150 ## - HEADING--TOPICAL TERM

  • Topical term or geographic name entry element: SOCIAL ETHICS; PHILOSOPHY

670 ## - SOURCE DATA FOUND

  • Source citation: Work cat.: (OSt)198406: Iannone A Pablo 5129, Philosophy as diplomacy , 1994
Copyright @ Delhi University Library System